000 01429nam a2200337 a 4500
001 00146
003 DO-SdBNP
005 20180315102133.0
007 00146
008 150130s2013 dr 2013 000 0 spa d
020 _a9789945121513
040 _aBPMSU
_bspa
_cBPMSU
092 1 _a373.7
_bM425e 7mo. 2013
245 0 0 _aMatemática 7 :
_beducación básica
260 _aSanto Domingo :
_bSusaeta,
_c2013.
300 _a198 p. :
_bil., retrs. ;
_c28 cm.
500 _aEdición especial para el Ministerio de Educación año 2013
505 1 _tUnidad 1.:
_tNúmeros enteros. Operaciones --
_tUnidad 2 .:
_tMúltiplos y divisores --
_tUnidad 3.:
_tFracciones --
_tUnidad 4 .:
_tMagnitudes --
_tUnidad 5 .:
_tElementos geométricos --
_tUnidad 6 .:
_tPolígonos --
_tUnidad 7 .:
_tPoliedros --
_tUnidad 8 .:
_tEstadística --
_tUnidad 9 .:
_tProbabilidades.
650 4 _aEDUCACIÓN PRIMARIA
_zREPÚBLICA DOMINICANA
650 4 _aMATEMÁTICAS
_xESTUDIOS Y EJERCICIOS
650 4 _aMATEMÁTICAS
_xLIBROS DE TEXTOS
650 4 _aMATEMÁTICAS
_xENSEÑANZA BÁSICA
650 4 _aMATEMÁTICAS
_xEDUCACIÓN PRIMARIA
910 _aValidado. Control de calidad MFF
942 _2ddc
_cBK
945 _aRemanejado para la BNPHU / 2018 VM
956 _aDGARCIA
_b10
_c20150710
_lBND01
_h0843
956 _aYLOCKWARD
_b10
_c20150710
_lBND01
_h1000
956 _aVMATEO
_b10
_c20150722
_lBPMSU
_h00151
956 _aBTAVÁREZ
_b10
_c20160405
_l00146
999 _c8001
_d8001